Five Closest World Capitals by Capital #1 - Statistics

General Stats
  • This quiz has been taken 1,131 times
    1,009 since last reset
  • The average score is 30 of 40
Answer Stats
km Capital mi % Correct
1155 Seoul 718
98%
2099 Beijing 1304
96%
773 Bogota 481
92%
1287 Pyongyang 800
92%
678 Minsk 421
91%
1141 Santiago 709
91%
204 Montevideo 126
90%
2331 Canberra 1449
89%
427 Jerusalem 265
87%
757 Kiev 471
87%
844 Riga 525
87%
948 Algiers 589
85%
2101 Taipei 1306
85%
870 Tallinn 541
85%
3015 Manila 1804
83%
1574 Tunis 978
83%
1036 Asunción 644
82%
1425 New Delhi 886
82%
793 Vilnius 493
82%
2229 La Paz 1385
80%
512 San José 318
80%
586 Beirut 364
79%
762 Madrid 347
79%
496 Amman 308
77%
562 Lisbon 349
75%
1025 Quito 637
75%
615 Damascus 382
74%
816 Managua 507
74%
676 Kathmandu 420
72%
1010 Tegucigalpa 627
67%
603 Nicosia 375
64%
2590 Suva 1609
62%
422 Thimphu 262
62%
1855 Sucre 1153
57%
734 Naypyidaw 456
55%
3311 Apia 2057
54%
1419 Vientiane 882
48%
1191 Andorra la Vella 740
44%
2682 Port Vila 1667
44%
2426 Nuku'alofa 1507
43%
No matching quizzes found
Score Distribution
Percent of People with Each Score
Percentile by Number Answered
Your Score History
You have not taken this quiz since the last reset